000 00822nam a2200253Ia 4500
003 OSt
005 20220930091752.0
006 a|||||r|||| 00| 0
007 ta
008 220926b |||||||| |||| 00| 0 eng d
024 _a10049
037 _cTheses
040 _aCRL
_cCRL
_beng
041 _2eng
_aeng
100 _aArunjit Singh Au.
_9546589
110 _aUniversity of Delhi. Faculty of Science. Department of Botany
245 0 _aImpact of grazing , epiphytism and lower pH on biomass production of Kappaphycus alvarezii (Doty) doty ex. P. C. Silva
260 _c2012
650 _aBOTANY
700 _a Sahoo Dinabandhu Gu.
_9546590
700 _aUniversity of Delhi. Faculty of Science. Department of Botany
942 _cDIS
_2CC
999 _c882607
_d882607